000
00330nam a2200133 a 4500
005
20140414093847.0
008
100709s19uu xx 00 eng d
050
_a
CDR 495
_b
CHI 2010
245
_a
Chinese paradise.
260
_a
China :
_b
Beijing Language and Culture.
650
_a
Language
942
_c
AVM
999
_c
109678
_d
109678